000
00295nam a2200121Ia 4500
005
20251222155042.0
008
251222s9999||||xx |||||||||||||| ||spa||
082
_a
PED.34.1-3/Ej.3
100
_a
UNICEF
245
0
_a
Atención Integrada a las Enfermedades AIEPI
264
_b
Minsa
942
_c
LIB
999
_c
36949
_d
36949